00499nam a2200193 a 4500001001300000003000900013005001700022008004100039020001000080082001500090100001600105245002600121260003800147300000900185500003500194505003300229650002700262700001600289nice12345678IN_TiNIC20260116011526.0050524s1934 ista grs 000 0 trg  ac10000a232.9bGRA aGraham, T W aIsa Hikayesi, Turkish aIstanbulbSelamet Matbaasi.c1934 a202p aincludes index and biblioraphy2 aMethodist church west africa aJesus Christ-Biography1 aGraham, T W